000 01415cad a22002415a 4500
001 L148563
008 091005s2009 xxkd f s 000 0 eng d
035 _a(Sirsi) u148563
041 0 _aeng
050 0 4 _a306.1 $2 18
100 1 _aPretty, David
245 0 0 _aMind the gap
_bhousing supply in a cold climate
_h[electronic resource]
260 _aLondon
_bTown and Country Planning Association
_c2009
505 2 _aForeword -- Executive summary -- Introduction -- Rising demand -- Falling supply -- Counting the cost -- First-time buyers -- Higher house prices -- Housebuilders -- Housing associations -- Council housing -- Infrastructure -- Land supply -- Planning -- Impact of regulation -- Private rented sector -- Conclusion
520 _aAssesses the impact of the housing crisis in England. Provides recommendations on what can be done to increase housing supply in England, including keeping public intervention and investment at the same level, encouraging mortgage availability, releasing more land for home supply, particularly in areas in strong need of new homes.
521 _aAdvanced
590 _aKA NTK
651 4 _aEngland
_y886-
690 _aPROPERTY-RESIDENTIAL PROPERTY-DOMESTIC RESIDENTIAL PROPERTY-HOUSING
700 1 _aHackett, Paul
856 4 0 _uhttps://www.smith-institute.org.uk/publications.htm
_zView the paper free of charge at www.smith-institute.org.uk...
942 _n0
999 _c110104
_d110104